01559nam a2200373 a 4500001001200000003000800012006001900020007001500039008004100054010001700095020004500112020002700157040002100184035002100205043001200226050002700238082002200265100003800287245016400325260005400489300001600543440004100559504005100600533015200651600003800803650003300841650004700874650004700921655002900968700002800997710001701025856012601042999001701168ebr10745065CaPaEBRm o u cr cn|||||||||130128s2013 alu sb 001 0aeng d z 2013001195 z9780817317973 (trade cloth : alk. paper) z9780817386757 (e-book) aCaPaEBRcCaPaEBR a(OCoLC)857214485 an-us-nc14aE99.W114bJ3325 2013eb04a975.6004/97522231 aJacobs, Priscilla Freeman,d1940-10aFrom princess to chiefh[electronic resource] :blife with the Waccamaw Siouan Indians of North Carolina /cPriscilla Freeman Jacobs and Patricia Barker Lerch. aTuscaloosa :bUniversity of Alabama Press,c2013. axvi, 106 p. 0aContemporary American Indian studies aIncludes bibliographical references and index. aElectronic reproduction.bPalo Alto, Calif. :cebrary,d2013.nAvailable via World Wide Web.nAccess may be limited to ebrary affiliated libraries.10aJacobs, Priscilla Freeman,d1940- 0aWaccamaw IndiansvBiography. 0aWaccamaw IndiansxPolitics and government. 0aWaccamaw IndiansxSocial life and customs. 7aElectronic books.2local1 aLerch, Patricia Barker.2 aebrary, Inc.40uhttp://site.ebrary.com/lib/rucke/Doc?id=10745065zAn electronic book accessible through the World Wide Web; click to view c32703d32703